Inflación y Democracia : El Caso de México /

Guardado en:
Bibliografiske detaljer
Hovedforfatter: Barkin, David (autor)
Andre forfattere: Esteva, Gustavo (autor) (autor)
Format: Bog
Sprog:spansk
Fag:
Tags: Tilføj Tag
Ingen Tags, Vær først til at tagge denne postø!

MARC

LEADER 00000nam^a2200000^a^4500
001 000074607
005 20250521000000.0
009 20260310091711.71
020 |a 968-23-0463-6 
037 |a Acervo ITESO - Biblioteca 
041 |a ESP 
082 |a 332. 41  |b BAR 
100 |a Barkin, David  |e (autor) 
245 1 0 |a Inflación y Democracia :  |b El Caso de México /  |c D. Barkin, G. Esteva. 
264 |a México :  |b Siglo XXI,  |c 1979 
300 |a 167 p. 
336 |a texto  |b txt  |2 rdacontenido 
337 |a sin mediación  |b n  |2 rdamedio 
338 |a volumen  |b nc  |2 rdasoporte 
649 |a XX 
650 |a Economía 
650 |a Inflación 
650 |a Precios 
700 |a Esteva, Gustavo  |e (autor) 
910 |a Fondo Armando Suárez Gómez 
920 |a Impresos - Libros 
930 |a Fondos Especiales 
905 |a 111 
901 |a 0700004575  |b IT2  |c ESP  |u 20250521 
902 |a https://opac.biblio.iteso.mx/vufind/Record/000074607